| 000 | 00448nam a2200205Ia 4500 | ||
|---|---|---|---|
| 005 | 20250425161128.0 | ||
| 008 | 250425s9999 xx 000 0 und d | ||
| 020 | _a8820312247 | ||
| 041 | _aita | ||
| 082 | _a623.8171 | ||
| 100 | _aCOSTAGUTA, UGO F. | ||
| 245 | 0 | _aFONDAMENTI DI IDRONAUTICA | |
| 250 | _aS.E. | ||
| 260 |
_aItalia _bULHO _c1981 |
||
| 260 | _aROMA | ||
| 300 | _a120 | ||
| 650 | _aBARCOS | ||
| 942 | _c01 | ||
| 010 | _a13307 | ||
| 999 |
_c202971 _d202971 |
||